Towns to line new motorway (Record no. 46723)
[ view plain ]
| 000 -LEADER | |
|---|---|
| fixed length control field | 00727cab a2200229 4500 |
| 001 - CONTROL NUMBER | |
| control field | WB2719-15 |
| 008 - FIXED-LENGTH DATA ELEMENTS--GENERAL INFORMATION | |
| fixed length control field | 090401t1991 xxu||||| |||| 00| 0 eng d |
| 035 ## - SYSTEM CONTROL NUMBER | |
| System control number | (Sirsi) u74023 |
| 041 ## - LANGUAGE CODE | |
| Language code of text/sound track or separate title | eng |
| 245 ## - TITLE STATEMENT | |
| Title | Towns to line new motorway |
| 260 ## - PUBLICATION, DISTRIBUTION, ETC. | |
| Date of publication, distribution, etc. | 1991 |
| 350 ## - PRICE (NR) (BK AM CF MU VM SE) [OBSOLETE] | |
| Price | 0 |
| 490 ## - SERIES STATEMENT | |
| Series statement | Independent on Sunday |
| Volume/sequential designation | 12/5/91 p10 |
| 520 ## - SUMMARY, ETC. | |
| Summary, etc. | Seventeen new towns and villages will be created on the east coast of England if a privately built motorway from Cambridge to Sunderland goes ahead. |
| 650 ## - SUBJECT ADDED ENTRY--TOPICAL TERM | |
| Topical term or geographic name entry element | EAST COAST MOTORWAY |
| 650 ## - SUBJECT ADDED ENTRY--TOPICAL TERM | |
| Topical term or geographic name entry element | NEW SETTLEMENTS |
| 650 ## - SUBJECT ADDED ENTRY--TOPICAL TERM | |
| Topical term or geographic name entry element | NEW VILLAGES |
| 650 ## - SUBJECT ADDED ENTRY--TOPICAL TERM | |
| Topical term or geographic name entry element | PRIVATE FUNDING |
| 690 ## - LOCAL SUBJECT ADDED ENTRY--TOPICAL TERM (OCLC, RLIN) | |
| Topical term or geographic name as entry element | PROPERTY-RESIDENTIAL PROPERTY-RESIDENTIAL PROPERTY MARKET |
| 942 ## - ADDED ENTRY ELEMENTS (KOHA) | |
| Suppress in OPAC | 0 |
| 948 ## - LOCAL PROCESSING INFORMATION (OCLC); SERIES PART DESIGNATOR (RLIN) | |
| c (OCLC) | 04/03/1997 |
| Withdrawn status | Lost status | Source of classification or shelving scheme | Damaged status | Not for loan | Home library | Current library | Shelving location | Date acquired | Total Checkouts | Full call number | Barcode | Date last seen | Copy number | Price effective from | Koha item type |
|---|---|---|---|---|---|---|---|---|---|---|---|---|---|---|---|
| Dewey Decimal Classification | London | London | News article | 14/09/1999 | WB2719-15 | 74023-1001 | 06/08/2019 | 1 | 06/08/2019 | News article |